Brand Logo Quiz - Statistics

General Stats
  • This quiz has been taken 29 times
  • The average score is 9 of 16
Answer Stats
Picture Answer % Correct
Apple
96%
Netflix
96%
Lego
92%
X
92%
Sega
80%
Roblox
76%
Mazda
68%
Halo
64%
Brawl stars
56%
Chess.com
40%
Walgreens
40%
Safeway
24%
Abercrombie and Fitch
16%
Hooda Math
4%
Kaiser Permanente
4%
Lakeshore
4%
No matching quizzes found
Score Distribution
Percent of People with Each Score
Percentile by Number Answered
Your Score History
You have not taken this quiz